000 00321nam a22001337a 4500
008 170627b xxu||||| |||| 00| 0 eng d
020 _a9780872071773
041 _aeng
080 _a32
100 _a21
101 _aSHP
245 _aWHAT RESEARCH HAS TO SAY ABOUT READING INSTROCTION
_cFARSTRUP,A.E
942 _2udc
_cBK
999 _c19122
_d19122